[Event "20th HZ Open 2016"]
[Site "Vlissingen NED"]
[Date "2016.08.08"]
[Round "4.24"]
[White "Beukema, Jasper"]
[Black "Van Foreest, Jorden"]
[Result "0-1"]
[BlackTitle "GM"]
[WhiteElo "2170"]
[BlackElo "2601"]
[WhiteFideId "1032984"]
[BlackFideId "1039784"]
[EventDate "2016.08.06"]

1. d4 Nf6 2. c4 b6 3. Nf3 Bb7 4. e3 e6 5. Bd3 d5 6. O-O Nbd7 7. Nc3 a6 8. Re1
dxc4 9. Bxc4 b5 10. Bd3 c5 11. a3 Rc8 12. Ne5 Be7 13. f4 O-O 14. f5 Bd6 15. Nf3
e5 16. d5 b4 17. axb4 cxb4 18. Ne4 Nxe4 19. Bxe4 Nf6 20. Qd3 Rc5 21. Rd1 Bxd5
22. Bxd5 Rxd5 23. Qe2 e4 24. Nd4 a5 25. b3 Nd7 26. Qg4 Nf6 27. Qe2 h5 28. Bb2
Ng4 29. h3 Qh4 30. hxg4 Qh2+ 31. Kf1 Bg3 32. Nf3 exf3 33. Qxf3 Rc5 34. Qe4 Rfc8
35. Rd2 Be5 36. Bd4 Bxd4 37. exd4 Rc1+ 38. Rxc1 Rxc1+ 39. Ke2 Qg1 40. Qf3 Qe1+ 0-1

[Event "20th HZ Open 2016"]
[Site "Vlissingen NED"]
[Date "2016.08.08"]
[Round "4.25"]
[White "Zeng, Chongsheng"]
[Black "Go, Benjamin"]
[Result "1-0"]
[WhiteTitle "GM"]
[WhiteElo "2538"]
[BlackElo "2170"]
[WhiteFideId "8603847"]
[BlackFideId "1014560"]
[EventDate "2016.08.06"]

1. d4 Nf6 2. c4 c6 3. Nc3 d5 4. Nf3 dxc4 5. a4 Bf5 6. Ne5 Nbd7 7. Nxc4 Nb6 8.
Ne5 a5 9. h4 e6 10. f3 h6 11. e4 Bh7 12. Be3 Bb4 13. Qb3 Nfd7 14. Nd3 Qe7 15.
Kf2 O-O 16. Na2 c5 17. Naxb4 c4 18. Qa3 f5 19. e5 f4 20. Bd2 g5 21. hxg5 hxg5
22. Nc5 Nxe5 23. Nc2 Nc6 24. Ne4 Qd8 25. Bc3 g4 26. Be2 g3+ 27. Kf1 Qd5 28. Qc5
Nd7 29. Qxc4 Bg6 30. Ne1 Rae8 31. Bd3 Nb6 32. Qb5 Qd8 33. Nd6 1-0

[Event "20th HZ Open 2016"]
[Site "Vlissingen NED"]
[Date "2016.08.08"]
[Round "4.26"]
[White "Admiraal, Miguoel"]
[Black "Krause, Thomas"]
[Result "1-0"]
[WhiteTitle "IM"]
[WhiteElo "2458"]
[BlackElo "2157"]
[WhiteFideId "1019716"]
[BlackFideId "4696670"]
[EventDate "2016.08.06"]

1. d4 d6 2. e4 Nf6 3. Nc3 Nbd7 4. Nf3 e5 5. Bc4 Be7 6. O-O c6 7. a4 Qc7 8. Re1
h6 9. h3 Nf8 10. dxe5 dxe5 11. Nh4 g6 12. Be3 N6h7 13. Nf3 Nf6 14. Qd3 Ne6 15.
Ne2 Nc5 16. Bxf7+ Kxf7 17. Bxc5 Bxc5 18. Qc4+ Be6 19. Qxc5 Nxe4 20. Qxe5 Qxe5
21. Nxe5+ Kf6 22. Nxg6 Rhg8 23. Ngf4 Bf7 24. Nd4 Nc5 25. b4 Nd7 26. Nf3 Nb6 27.
Ne5 a5 28. bxa5 Rxa5 29. Nxf7 Kxf7 30. Rab1 Rxa4 31. Nd3 Nd5 32. c4 Nc3 33.
Rxb7+ Kf6 34. Rb3 Rxc4 35. Ne5 Re4 36. Rxe4 Nxe4 37. Nxc6 Rc8 38. Rb6 Kg7 39.
Nd4 Rc1+ 40. Kh2 Nxf2 41. Nf5+ Kf8 42. Rf6+ Ke8 43. Ng7+ 1-0

[Event "20th HZ Open 2016"]
[Site "Vlissingen NED"]
[Date "2016.08.08"]
[Round "4.27"]
[White "Beerdsen, Thomas"]
[Black "Smeets, Pierre"]
[Result "1-0"]
[WhiteTitle "FM"]
[WhiteElo "2424"]
[BlackElo "2107"]
[WhiteFideId "1030108"]
[BlackFideId "1043820"]
[EventDate "2016.08.06"]

1. e4 e6 2. d4 d5 3. Nc3 Nf6 4. Bg5 dxe4 5. Nxe4 Be7 6. Bxf6 gxf6 7. g3 Bd7 8.
Nf3 Bc6 9. Nc3 Nd7 10. Bg2 Nb6 11. O-O Qd7 12. b3 O-O-O 13. Ne2 h5 14. h4 e5 15.
dxe5 Qg4 16. Ned4 fxe5 17. Nxc6 Rxd1 18. Nxe7+ Kb8 19. Raxd1 Qe6 20. Nd5 Nxd5
21. Ng5 1-0

[Event "20th HZ Open 2016"]
[Site "Vlissingen NED"]
[Date "2016.08.08"]
[Round "4.28"]
[White "Eisenbeiser, Amadeus"]
[Black "Ducarmon, Renzo"]
[Result "1/2-1/2"]
[WhiteTitle "IM"]
[WhiteElo "2416"]
[BlackElo "2091"]
[WhiteFideId "4678338"]
[BlackFideId "1002279"]
[EventDate "2016.08.06"]

1. c4 Nf6 2. Nc3 g6 3. e4 d6 4. d4 Bg7 5. h3 O-O 6. Nf3 e5 7. d5 a5 8. Bg5 Na6
9. Bd3 Qe8 10. g4 c6 11. O-O Bd7 12. dxc6 bxc6 13. Be2 Qb8 14. Qc2 Be6 15. Rfd1
Rd8 16. Rd2 h6 17. Bh4 g5 18. Bg3 Nd7 19. Rad1 Bf8 20. Nh2 f6 21. Nf1 Nb6 22.
Ne3 a4 23. h4 Qc7 24. Kg2 Qf7 25. Nb1 Nb4 26. Qc3 Nxa2 27. Qd3 Nb4 28. Qc3 Na2
29. Qd3 Nb4 30. Qc3 Na2 1/2-1/2

[Event "20th HZ Open 2016"]
[Site "Vlissingen NED"]
[Date "2016.08.08"]
[Round "4.29"]
[White "Van Delft, Merijn"]
[Black "Hoffman, Ron"]
[Result "1-0"]
[WhiteTitle "IM"]
[WhiteElo "2391"]
[BlackElo "2081"]
[WhiteFideId "1004670"]
[BlackFideId "1007599"]
[EventDate "2016.08.06"]

1. e4 d6 2. d4 Nf6 3. Nc3 g6 4. Be3 a6 5. Qd2 b5 6. f3 Nbd7 7. O-O-O Bb7 8. h4
h5 9. Nh3 Rc8 10. Ng5 c5 11. dxc5 Nxc5 12. e5 b4 13. exf6 bxc3 14. Qxc3 e6 15.
Bxc5 Bd5 16. Rxd5 exd5 17. Qe3+ Kd7 18. Bb6 Qxf6 19. Bd4 Qf5 20. Bd3 1-0

[Event "20th HZ Open 2016"]
[Site "Vlissingen NED"]
[Date "2016.08.08"]
[Round "4.30"]
[White "Rosen, Eric S"]
[Black "Boulahfa, Hicham"]
[Result "1-0"]
[WhiteTitle "IM"]
[WhiteElo "2385"]
[BlackElo "2084"]
[WhiteFideId "2032562"]
[BlackFideId "1024663"]
[EventDate "2016.08.06"]

1. d4 b6 2. Nf3 Bb7 3. Bf4 f5 4. c4 Nf6 5. d5 g6 6. Nc3 Bg7 7. e3 O-O 8. Be2 Na6
9. O-O Nc5 10. Nd4 Nfe4 11. Nxe4 fxe4 12. Bg3 a5 13. Qc2 e6 14. dxe6 d6 15. Rad1
Qe7 16. Rd2 Nxe6 17. Nb5 h5 18. h3 h4 19. Bh2 Kh7 20. Bg4 Ng5 21. Nc3 Be5 22.
Bxe5 Qxe5 23. Nd5 Bc8 24. Qd1 Rf7 25. Bxc8 Rxc8 26. Qg4 Rh8 27. Qxh4+ Kg7 28.
Qg4 Rh5 29. Nf4 Nf3+ 30. gxf3 Rg5 31. Ne6+ Qxe6 32. Qxg5 1-0

[Event "20th HZ Open 2016"]
[Site "Vlissingen NED"]
[Date "2016.08.08"]
[Round "4.31"]
[White "Maris, Ivo"]
[Black "Haak, Eelco"]
[Result "1-0"]
[WhiteTitle "FM"]
[WhiteElo "2370"]
[BlackElo "2072"]
[WhiteFideId "1028146"]
[BlackFideId "1003844"]
[EventDate "2016.08.06"]

1. Nf3 Nf6 2. g3 c5 3. Bg2 d5 4. O-O Nc6 5. d4 Bg4 6. Ne5 h5 7. c4 e6 8. cxd5
exd5 9. Qa4 cxd4 10. Nxc6 Qd7 11. Qxd4 bxc6 12. Bg5 Be7 13. Re1 O-O 14. e4 dxe4
15. Qxd7 Bxd7 16. Nc3 Rfe8 17. Nxe4 Nxe4 18. Bxe7 Rxe7 19. Rxe4 Rxe4 20. Bxe4
Re8 21. Bf3 g6 22. Rd1 Re7 23. Kg2 Be6 24. b3 c5 25. Rc1 Rc7 26. Be2 Bd5+ 27. f3
Kf8 28. Kf2 Ke7 29. Bc4 Bxc4 30. Rxc4 Kd6 31. Ke3 Kd5 32. Re4 Rd7 33. h4 Rd6 34.
Ra4 Re6+ 35. Kf2 a6 36. Rc4 Re7 37. g4 Re5 38. Ra4 Re6 39. Kg3 Rf6 40. Rf4 Ke5
41. Rxf6 Kxf6 42. gxh5 gxh5 43. Kf4 Kg6 44. Ke5 f6+ 45. Ke6 Kg7 46. f4 1-0

[Event "20th HZ Open 2016"]
[Site "Vlissingen NED"]
[Date "2016.08.08"]
[Round "4.32"]
[White "De Wilde, Rik"]
[Black "Vereggen, Lars"]
[Result "0-1"]
[BlackTitle "FM"]
[WhiteElo "2153"]
[BlackElo "2359"]
[WhiteFideId "1024337"]
[BlackFideId "1029258"]
[EventDate "2016.08.06"]

1. e4 c5 2. c4 Nc6 3. g3 g6 4. Bg2 Bg7 5. Ne2 d6 6. O-O h5 7. h3 h4 8. g4 f5 9.
exf5 gxf5 10. d4 cxd4 11. Qc2 e5 12. gxf5 Nf6 13. Re1 Ne7 14. Nd2 Bxf5 15. Qa4+
Bd7 16. Qc2 Bf5 17. Ne4 Qd7 18. Bg5 Bxe4 19. Bxe4 Qxh3 20. Bg2 Qg4 21. Bxf6 Bxf6
22. Qe4 Qxe4 23. Bxe4 Rc8 24. b3 b5 25. Rac1 bxc4 26. Rxc4 Kd7 27. Ra4 d5 28.
Rxa7+ Kd6 29. Bd3 Ra8 30. Rb7 Rhb8 31. Rxb8 Rxb8 32. f3 Nc6 33. Bf5 Ra8 34. Nc1
Bg5 35. Nd3 Be3+ 36. Kh2 Ne7 37. Bh7 Rh8 0-1

[Event "20th HZ Open 2016"]
[Site "Vlissingen NED"]
[Date "2016.08.08"]
[Round "4.33"]
[White "Sekandar, Kambiz"]
[Black "Hamblok, Roel"]
[Result "1-0"]
[BlackTitle "FM"]
[WhiteElo "2129"]
[BlackElo "2308"]
[WhiteFideId "11700939"]
[BlackFideId "209317"]
[EventDate "2016.08.06"]

1. e4 c6 2. d4 d5 3. Nc3 dxe4 4. Nxe4 Bf5 5. Ng3 Bg6 6. h4 h6 7. Nf3 Nd7 8. h5
Bh7 9. Bd3 Bxd3 10. Qxd3 e6 11. Bd2 Ngf6 12. O-O-O Be7 13. Ne4 Qb6 14. Ne5 Rd8
15. Nxf6+ Bxf6 16. Nc4 Qxd4 17. Qxd4 Bxd4 18. Bb4 c5 19. Rxd4 cxb4 20. Nd6+ Ke7
21. Nxb7 Rb8 22. Na5 Rhc8 23. g4 Nf6 24. Rhd1 Rc5 25. Nc4 Nd5 26. b3 Rb7 27.
R1d2 Rbc7 28. a4 bxa3 29. Nxa3 a6 30. Kb2 Rb7 31. c4 Nb4 32. Rd8 Nc6 33. Rc8 Na5
34. Rxc5 Nxb3 35. Rc7+ Rxc7 36. Kxb3 g6 37. hxg6 fxg6 38. f4 Kf6 39. Rh2 h5 40.
gxh5 Rh7 41. h6 Kf5 42. Rh4 Ke4 43. Nc2 Kf3 44. Nd4+ Kg3 45. Rh1 Kxf4 46. Nxe6+
Kf5 47. Nf8 Rh8 48. h7 g5 49. c5 Kf6 50. c6 Kg7 51. c7 Rxf8 52. h8=Q+ Rxh8 53.
Rxh8 1-0

[Event "20th HZ Open 2016"]
[Site "Vlissingen NED"]
[Date "2016.08.08"]
[Round "4.34"]
[White "Lammens, Tim"]
[Black "Liu, Manli"]
[Result "1/2-1/2"]
[WhiteTitle "FM"]
[WhiteElo "2305"]
[BlackElo "2062"]
[WhiteFideId "1008803"]
[BlackFideId "8608121"]
[EventDate "2016.08.06"]

1. Nf3 d5 2. g3 Nf6 3. Bg2 Bg4 4. c4 e6 5. cxd5 exd5 6. O-O Bd6 7. h3 Bxf3 8.
Bxf3 c6 9. d3 O-O 10. Nc3 Nbd7 11. Bg2 Re8 12. e4 dxe4 13. dxe4 Nc5 14. Qc2 Bc7
15. Be3 Qd3 16. Qxd3 Nxd3 17. Rab1 Bb6 18. Bxb6 axb6 19. f4 Red8 20. e5 Ne8 21.
Rfd1 f6 22. Bf1 Nc5 23. b4 Na6 24. b5 Rxd1 25. Rxd1 Nc5 26. Bg2 Ra3 27. Ne4 Nxe4
28. Bxe4 Rxg3+ 29. Kf2 Rc3 30. Rd7 fxe5 31. fxe5 Rc5 32. Rxb7 Rxb5 33. e6 Rc5
34. Rxb6 Kf8 35. Bxc6 Nc7 36. Be4 Ke7 37. Bxh7 Nxe6 38. Bg8 Nf4 39. h4 Nd5 40.
Ra6 Nc7 41. Rb6 Nd5 42. Rb7+ Kf6 43. Rf7+ Kg6 44. Rf3 Kh6 45. a4 Ra5 46. Bxd5
Rxd5 47. Ke3 g5 48. Rf6+ Kh5 49. hxg5 Kxg5 50. Rb6 Kf5 51. Rb5 Rxb5 52. axb5 Ke5 1/2-1/2

[Event "20th HZ Open 2016"]
[Site "Vlissingen NED"]
[Date "2016.08.08"]
[Round "4.35"]
[White "Kabos, Tobias"]
[Black "Nikhil, Magizhnan"]
[Result "1/2-1/2"]
[WhiteTitle "FM"]
[BlackTitle "CM"]
[WhiteElo "2273"]
[BlackElo "2042"]
[WhiteFideId "1010182"]
[BlackFideId "35075497"]
[EventDate "2016.08.06"]

1. e4 c5 2. c3 Nf6 3. e5 Nd5 4. Nf3 e6 5. Bc4 Nb6 6. Bb3 c4 7. Bc2 d6 8. d4 cxd3
9. Qxd3 d5 10. O-O Nc6 11. Re1 h6 12. Nbd2 Qc7 13. Nb3 Nc4 14. Nbd4 Nxd4 15.
Nxd4 Bd7 16. f4 g6 17. Kh1 Be7 18. b3 Na5 19. Nb5 Bxb5 20. Qxb5+ Nc6 21. Bd2 a6
22. Qe2 Rc8 23. Bd3 Nb8 24. c4 dxc4 25. Bxc4 Kf8 26. Rad1 Kg7 27. Be3 b5 28. Bd3
Bc5 29. Bc1 Qa5 30. Bb1 Bb4 31. Rf1 Rhd8 32. g4 Ba3 33. Be3 Qc7 34. f5 Rxd1 35.
Rxd1 Qb7+ 36. Qg2 Qxg2+ 37. Kxg2 Bb2 38. fxg6 fxg6 39. Rd6 Kf7 40. Bxh6 Bxe5 41.
Rb6 Bc7 42. Rb7 Kf6 43. Be3 g5 44. Be4 Nd7 45. Bd4+ Ne5 46. Bb2 Ba5 47. h3 Rd8
48. Ba3 Rd2+ 49. Kf1 b4 50. Bxb4 Bxb4 51. Rxb4 Rxa2 52. Rb6 Nd7 53. Rc6 Ke5 54.
Bd3 a5 55. Bc4 Nf8 56. Ra6 Kf4 57. Ra8 Ng6 58. b4 Ra1+ 59. Kf2 Ra4 60. Rxa5 Rxb4
61. Bxe6 Rb2+ 62. Kf1 Nh4 63. Bd5 Nf3 64. Bxf3 Kxf3 65. Rf5+ Kg3 66. Rxg5 Kxh3
67. Rg8 Kh4 68. g5 Kh5 69. g6 Kh6 70. g7 Kh7 71. Rf8 Kxg7 72. Rf3 Ra2 73. Rb3
Rc2 74. Rb6 Ra2 75. Ke1 Rh2 76. Re6 Kf7 77. Re3 Ra2 78. Kd1 Rh2 79. Kc1 Rg2 80.
Rh3 Rf2 81. Rg3 Rh2 82. Kd1 Ra2 83. Rh3 Rb2 84. Kc1 Rg2 85. Ra3 Rh2 86. Rc3 Rg2
87. Rc6 Rh2 88. Rc2 Rxc2+ 89. Kxc2 1/2-1/2

[Event "20th HZ Open 2016"]
[Site "Vlissingen NED"]
[Date "2016.08.08"]
[Round "4.37"]
[White "Muehlenhaus, Sven"]
[Black "Kok, Ivo"]
[Result "1-0"]
[WhiteTitle "FM"]
[WhiteElo "2262"]
[BlackElo "2029"]
[WhiteFideId "4671546"]
[BlackFideId "1022024"]
[EventDate "2016.08.06"]

1. d4 Nf6 2. c4 e6 3. Nf3 d5 4. Nc3 Be7 5. Bg5 O-O 6. e3 Nbd7 7. Rc1 c6 8. Bd3
dxc4 9. Bxc4 b5 10. Bd3 Bb7 11. O-O a6 12. e4 c5 13. e5 Nd5 14. Ne4 c4 15. Bb1
f5 16. exf6 gxf6 17. Bh6 Kh8 18. Bxf8 Qxf8 19. Ng3 Qf7 20. Re1 Rg8 21. Qe2 Nf8
22. Qe4 f5 23. Ne5 Qg7 24. Qf3 Bb4 25. Be4 Bxe1 26. Rxe1 Qf6 27. Nxf5 exf5 28.
Bxd5 Bxd5 29. Qxd5 Ng6 30. Nxg6+ Rxg6 31. g3 f4 32. Re8+ Kg7 33. Qd7+ Kh6 34.
Re7 Rg7 35. Qh3+ 1-0

[Event "20th HZ Open 2016"]
[Site "Vlissingen NED"]
[Date "2016.08.08"]
[Round "4.38"]
[White "Lanchava, Tea"]
[Black "Janse, Alexander"]
[Result "1/2-1/2"]
[WhiteTitle "IM"]
[WhiteElo "2259"]
[BlackElo "2017"]
[WhiteFideId "1005308"]
[BlackFideId "36052175"]
[EventDate "2016.08.06"]

1. Nf3 Nf6 2. d4 b6 3. g3 Bb7 4. Bg2 e6 5. O-O Be7 6. Nbd2 d5 7. Ne5 O-O 8. b3
Nbd7 9. Bb2 Rc8 10. c4 c5 11. e3 Qc7 12. cxd5 Bxd5 13. e4 Bb7 14. Rc1 Qb8 15.
Nxd7 Nxd7 16. d5 exd5 17. Bxg7 Kxg7 18. Qg4+ Kh8 19. Qxd7 Rc7 20. Qf5 d4 21. Qh5
f6 22. f4 Qe8 23. Qe2 Rf7 24. Nf3 Bf8 25. Nh4 Bc8 26. Kh1 b5 27. Bf3 Rfe7 28.
Qd3 Ba6 29. b4 Re6 30. Nf5 Rd7 31. g4 c4 32. Qa3 Bb7 33. Ng3 Qe7 34. g5 Ra6 35.
Qb2 Qxb4 36. Qg2 Qe7 37. gxf6 Qxf6 38. e5 Bxf3 39. Qxf3 Qc6 40. Qxc6 Rxc6 41. f5
c3 42. e6 Rdc7 43. Ne4 d3 44. Rxc3 Rxc3 45. Nxc3 Rxc3 46. f6 d2 47. e7 Bxe7 48.
fxe7 Re3 49. Rf8+ Kg7 50. Rd8 d1=Q+ 51. Rxd1 Rxe7 52. Rd2 a5 53. Kg2 Rb7 54. Rd8
Kf6 55. Kf3 b4 56. Rd6+ Kf7 57. Ra6 b3 58. axb3 Rxb3+ 59. Kg4 Ra3 1/2-1/2

[Event "20th HZ Open 2016"]
[Site "Vlissingen NED"]
[Date "2016.08.08"]
[Round "4.39"]
[White "Reinhardt, Bernd"]
[Black "Elgersma, Simon"]
[Result "1-0"]
[WhiteElo "2246"]
[BlackElo "1999"]
[WhiteFideId "4606043"]
[BlackFideId "1046101"]
[EventDate "2016.08.06"]

1. d4 Nf6 2. Nf3 g6 3. Bf4 Bg7 4. e3 O-O 5. Be2 d6 6. h3 c5 7. c3 b6 8. Nbd2
Nbd7 9. O-O Bb7 10. Qb1 a6 11. a4 Ra7 12. Rc1 Qa8 13. b4 Ne4 14. Bf1 Nxd2 15.
Nxd2 Rc8 16. Ra2 Nf6 17. Nc4 Nd5 18. a5 bxa5 19. bxc5 dxc5 20. Nb6 Nxb6 21. Qxb6
cxd4 22. exd4 Bd5 23. c4 Be4 24. d5 Rb7 25. Qe3 Bf5 26. g4 Bd7 27. Rxa5 e5 28.
dxe6 Bxe6 29. Bg2 Rxc4 30. Rxc4 Bxc4 31. Bxb7 Qxb7 32. Qe8+ Bf8 33. Bd6 Qb1+ 34.
Kh2 1-0

[Event "20th HZ Open 2016"]
[Site "Vlissingen NED"]
[Date "2016.08.08"]
[Round "4.40"]
[White "Haisma, Henk"]
[Black "Kalle, Erwin"]
[Result "1/2-1/2"]
[WhiteElo "1783"]
[BlackElo "1938"]
[WhiteFideId "1038486"]
[BlackFideId "1045504"]
[EventDate "2016.08.06"]

1. b4 e5 2. Bb2 Bxb4 3. Bxe5 Nf6 4. e3 O-O 5. a3 Ba5 6. Nf3 d5 7. c4 c5 8. cxd5
Nxd5 9. Be2 Nc6 10. Bb2 Qe7 11. O-O Rd8 12. Qc2 Bg4 13. d3 Rd6 14. Bc1 Rg6 15.
e4 Bxf3 16. Bxf3 Nd4 17. Qd1 Nf6 18. Nd2 Bc7 19. g3 Nxf3+ 20. Nxf3 Nd7 21. Rb1
b6 22. Kh1 Rd8 23. Nh4 Re6 24. Nf5 Qf6 25. f4 c4 26. Bb2 c3 27. Bxc3 Qxc3 28.
Rc1 Qxa3 29. Rxc7 Nf6 30. e5 Nd5 31. Rb7 Qa6 32. Qg4 Rg6 33. Qh4 Rf8 34. Ne7+
Nxe7 35. Rxe7 Qxd3 36. Qh3 Qd5+ 37. Qg2 Qxg2+ 38. Kxg2 a5 39. Rb7 Ra8 40. Kf3 a4
41. Rc1 a3 42. f5 Rh6 43. h4 Kf8 44. Rcc7 a2 45. Rxf7+ Kg8 46. Rxg7+ Kh8 47. Ra7
a1=Q 48. Rxa1 Rxa1 49. Rd7 Kg8 50. Kg4 Re1 51. Kg5 Rc6 52. e6 Rexe6 1/2-1/2

[Event "20th HZ Open 2016"]
[Site "Vlissingen NED"]
[Date "2016.08.08"]
[Round "4.41"]
[White "Watzlawek, Markus"]
[Black "Stillger, Bernhard"]
[Result "0-1"]
[BlackTitle "FM"]
[WhiteElo "2109"]
[BlackElo "2235"]
[WhiteFideId "4637062"]
[BlackFideId "4610768"]
[EventDate "2016.08.06"]

1. d4 g6 2. c4 Bg7 3. e4 d6 4. Nc3 e5 5. d5 a5 6. Be3 Nd7 7. Be2 Bh6 8. Bxh6
Nxh6 9. Qd2 Ng8 10. f4 Ngf6 11. Nf3 Qe7 12. O-O O-O 13. Rae1 Nh5 14. f5 Nf4 15.
g3 Nxe2+ 16. Rxe2 f6 17. h4 Nc5 18. g4 Bd7 19. Rg2 gxf5 20. exf5 Kh8 21. Qe3 0-1

[Event "20th HZ Open 2016"]
[Site "Vlissingen NED"]
[Date "2016.08.08"]
[Round "4.42"]
[White "Bluhm, Sonja Maria"]
[Black "Galle, Andre"]
[Result "1-0"]
[WhiteTitle "WFM"]
[WhiteElo "2235"]
[BlackElo "1993"]
[WhiteFideId "24654027"]
[BlackFideId "201600"]
[EventDate "2016.08.06"]

1. e4 e6 2. d4 d5 3. Nc3 Bb4 4. Bd3 dxe4 5. Bxe4 Nf6 6. Bf3 Nbd7 7. Ne2 a6 8.
O-O O-O 9. Bf4 Bd6 10. Re1 e5 11. Bg5 exd4 12. Nxd4 h6 13. Bh4 Ne5 14. Be4 Ng6
15. Bg3 Bxg3 16. hxg3 c5 17. Nb3 Nxe4 18. Nxe4 Qxd1 19. Raxd1 b6 20. Rd6 Rb8 21.
Nc3 c4 22. Nd4 b5 23. Ne4 f6 24. Nc5 Ne5 25. Nxa6 Bxa6 26. Rxa6 Ra8 27. Rxa8
Rxa8 28. f4 Ng6 29. a3 c3 30. Nxb5 cxb2 31. Rb1 Rd8 32. Rxb2 Rd2 33. a4 h5 34.
Nc3 h4 35. f5 Ne5 36. gxh4 Nc4 37. Rb8+ Kh7 38. Ne4 Re2 39. Re8 Ne3 40. Nd6
Rxg2+ 41. Kh1 Rg3 42. c4 Rf3 43. c5 Nxf5 44. Nxf5 Rxf5 45. c6 Rc5 46. Rc8 Kg6
47. c7 Kf5 48. a5 Kf4 49. Kg2 Rc2+ 50. Kf1 Kg3 51. Ke1 1-0

[Event "20th HZ Open 2016"]
[Site "Vlissingen NED"]
[Date "2016.08.08"]
[Round "4.43"]
[White "Kalisvaart, Peter"]
[Black "Michalczak, Thomas"]
[Result "1/2-1/2"]
[BlackTitle "FM"]
[WhiteElo "2059"]
[BlackElo "2234"]
[WhiteFideId "1008820"]
[BlackFideId "4622634"]
[EventDate "2016.08.06"]

1. e4 e5 2. Nf3 Nc6 3. Bc4 Bc5 4. d3 Nf6 5. c3 a6 6. Bg5 h6 7. Bh4 d6 8. Nbd2
Ba7 9. b4 g5 10. Bg3 Be6 11. Bxe6 fxe6 12. a4 Nh5 13. b5 axb5 14. axb5 Ne7 15.
Qb3 g4 16. Nh4 Nxg3 17. hxg3 d5 18. O-O O-O 19. Kh2 Qe8 20. Qd1 Qh5 21. f3 gxf3
22. Rxf3 Rxf3 23. Qxf3 Qg5 24. Rf1 Qg7 25. exd5 Nxd5 26. c4 Ne3 27. Qxb7 Nxf1+
28. Nxf1 Rf8 29. Qxa7 Rxf1 30. Qa8+ Kf7 31. Qc6 Kf6 32. b6 cxb6 33. Qxb6 Qg4 34.
Qd8+ Kg7 35. Qd6 e4 36. Qe5+ Kf7 37. dxe4 Qd1 38. Qc7+ Ke8 39. Qc8+ Kf7 40. Qc7+
Ke8 1/2-1/2

[Event "20th HZ Open 2016"]
[Site "Vlissingen NED"]
[Date "2016.08.08"]
[Round "4.44"]
[White "Ritsema, Ronald"]
[Black "Vos, Tjark"]
[Result "1/2-1/2"]
[WhiteElo "2059"]
[BlackElo "2223"]
[WhiteFideId "1010409"]
[BlackFideId "1020870"]
[EventDate "2016.08.06"]

1. d4 Nf6 2. c4 e6 3. g3 d5 4. Nf3 Bb4+ 5. Bd2 Bd6 6. Bg2 O-O 7. O-O Nbd7 8. Qc2
c6 9. b3 e5 10. dxe5 Nxe5 11. Bc3 Nxf3+ 12. Bxf3 dxc4 13. bxc4 Qe7 14. Nd2 Re8
15. Rab1 Be5 16. Rb3 Bxc3 17. Rxc3 Bh3 18. Rb1 Rad8 19. Rcb3 Qd6 20. Nf1 Qc5 21.
Ne3 Bc8 22. Rd1 Rxd1+ 23. Qxd1 Nd7 24. Bg4 Nb6 25. Bxc8 Rxc8 26. Rd3 g6 27. Rd8+
Rxd8 28. Qxd8+ Qf8 29. Qd4 Qg7 30. Qd8+ Qf8 31. Qd4 Qg7 1/2-1/2

[Event "20th HZ Open 2016"]
[Site "Vlissingen NED"]
[Date "2016.08.08"]
[Round "4.45"]
[White "Boelhouwer, Collin"]
[Black "Balje, Jan"]
[Result "0-1"]
[WhiteElo "2048"]
[BlackElo "2219"]
[WhiteFideId "1013300"]
[BlackFideId "1004085"]
[EventDate "2016.08.06"]

1. e4 c5 2. Nf3 e6 3. d4 cxd4 4. Nxd4 Nc6 5. Nc3 Qc7 6. Be3 a6 7. Be2 Nf6 8. a3
b5 9. Nxc6 dxc6 10. f4 Bb7 11. e5 Rd8 12. Bd3 Nd7 13. Qg4 c5 14. O-O g6 15. Rad1
c4 16. Be4 Nc5 17. Rxd8+ Qxd8 18. Bxb7 Nxb7 19. Rd1 Qc7 20. Ne4 Be7 21. Qf3 O-O
22. h3 Rd8 23. Rxd8+ Nxd8 24. Qd1 Nc6 25. Nd6 Qd7 26. Bc5 Nd8 27. Qd4 Nb7 28.
Kh2 Nxc5 29. Qxc5 f6 30. Qb6 fxe5 31. fxe5 Bg5 32. Kg3 Qg7 33. Qc5 Qf8 34. Qd4
h5 35. h4 Bh6 36. Qe4 Kh7 37. Qb7+ Qg7 38. Nf7 Bc1 39. b3 cxb3 40. cxb3 Kg8 41.
Qxa6 Bb2 42. Ng5 Qxe5+ 43. Kf3 Qc3+ 44. Kf2 Qc2+ 45. Ke3 Bc1+ 46. Kd4 Bb2+ 47.
Ke3 Qxb3+ 48. Ke2 Qc2+ 49. Ke3 Bc1+ 50. Kd4 Bb2+ 51. Ke3 Bc1+ 52. Kd4 Qa4+ 53.
Qxa4 bxa4 54. Nxe6 Bxa3 55. Nf4 Kf7 56. Nd3 Be7 57. g3 Bd6 58. Kc4 a3 59. Kb3
Kf6 0-1

[Event "20th HZ Open 2016"]
[Site "Vlissingen NED"]
[Date "2016.08.08"]
[Round "4.46"]
[White "Brouwer, Dennis"]
[Black "Veenstra, Wopke"]
[Result "1-0"]
[WhiteElo "2217"]
[BlackElo "1992"]
[WhiteFideId "1018060"]
[BlackFideId "1010727"]
[EventDate "2016.08.06"]

1. e4 e5 2. Nf3 Nf6 3. Nc3 Bb4 4. d3 d5 5. exd5 Nxd5 6. Bd2 Nc6 7. a3 Nxc3 8.
bxc3 Bd6 9. Be2 O-O 10. O-O Bf5 11. Ng5 Qd7 12. Bf3 Rad8 13. Qb1 b6 14. Re1 h6
15. Ne4 Kh8 16. Nxd6 cxd6 17. c4 Nd4 18. Bd5 Be6 19. a4 Bxd5 20. cxd5 Qb7 21. c3
Nf5 22. c4 Rb8 23. Qd1 Qc8 24. Qh5 Ne7 25. Reb1 Qf5 26. Qxf5 Nxf5 27. Bc3 Rfc8
28. f3 Kg8 29. Rb2 Kf8 30. Rab1 Rb7 31. a5 Rcb8 32. Rb5 f6 33. Kf2 Ke8 34. g4
Ne7 35. Bd2 Kd7 36. Be3 Kc7 37. a6 1-0

[Event "20th HZ Open 2016"]
[Site "Vlissingen NED"]
[Date "2016.08.08"]
[Round "4.47"]
[White "Schouten, Jordy"]
[Black "In t Veld, Daan"]
[Result "1-0"]
[WhiteElo "2037"]
[BlackElo "2212"]
[WhiteFideId "1040090"]
[BlackFideId "1016270"]
[EventDate "2016.08.06"]

1. d4 d5 2. Bg5 c6 3. e3 Bf5 4. Bd3 Qc8 5. Nf3 Nf6 6. Bxf6 gxf6 7. O-O Rg8 8. g3
h5 9. Re1 Bxd3 10. Qxd3 Na6 11. Nbd2 Qg4 12. e4 O-O-O 13. b4 dxe4 14. Rxe4 Qd7
15. Rb1 Rg4 16. c4 e6 17. b5 Nc5 18. Qc2 Nxe4 19. Nxe4 Be7 20. h3 Rgg8 21. Qa4
Qc7 22. Qxa7 f5 23. Ne5 cxb5 24. cxb5 Ba3 25. Qxa3 Kb8 26. b6 Qxe5 27. dxe5 fxe4
28. Rc1 Rxg3+ 29. fxg3 Rd1+ 30. Rxd1 1-0

[Event "20th HZ Open 2016"]
[Site "Vlissingen NED"]
[Date "2016.08.08"]
[Round "4.48"]
[White "Van Baar, Esper"]
[Black "Van den Berg, Ad"]
[Result "1/2-1/2"]
[WhiteElo "2028"]
[BlackElo "2203"]
[WhiteFideId "1049321"]
[BlackFideId "1001426"]
[EventDate "2016.08.06"]

1. e4 c5 2. Nf3 Nc6 3. Bb5 e6 4. O-O Nge7 5. c3 a6 6. Bxc6 Nxc6 7. d4 d5 8. exd5
Qxd5 9. dxc5 Qxd1 10. Rxd1 Bxc5 11. Nbd2 O-O 12. Nc4 b5 13. Be3 Bxe3 14. Nxe3
Rb8 15. Rd6 Bb7 16. Rad1 Rfd8 17. Rd7 h6 18. Kf1 Kf8 19. Rc7 Rxd1+ 20. Nxd1 Nd8
21. Ne5 Ke8 22. c4 1/2-1/2